00733nam a2200145Ia 4500008004100000020001800041100003700059245008500096260002700181650021200208650001200420856004500432999001900477952009100496171212s9999 xx 000 0 und d a9780833060358 aRosenbloom, Sandra;Wachs, Martin cRosenbloom, Sandra;Wachs, MartinaA Federal Role in Freight Planning and Finance bRAND Corporationc2012 aFreight and freightage -- United States; Freight and freightage -- United States -- Forecasting; Freight and freightage -- United States -- Costs; Freight and freightage -- Government policy -- United States aHistory uwww.jstor.org/stable/10.7249/j.ctt3fh0dw c351644d351644 001040aCLbCLd2017-12-12l0oHE199.U5R67 2012r2017-12-12 00:00:00w2017-12-12yCBE